00334nam a2200133Ia 450000500170000000800410001702000150005808200130007310000160008624500160010226000560011830000130017465000130018720250703160752.0240331s9999 xx 000 0 und d a9555990379 bDEVa891 aDevapriya,S 0aAmba yaluwo aRatmalanabSarvodaya Book Publishing Servicesc1991 a149 p ., aTeleplay